00539nam a2200145Ia 4500008004100000020001800041041000800059082002600067100003900093245002400132260003900156300000900195999001900204952017000223230411s9999 xx 000 0 und d a81-315-0138-8 aeng aPY/150/BAR/DUR/B05900 aBarlow David & Durand Mark9178758 aAbnormal Psychology bThomson WadsworthaAustraliac2005 a562p c156366d156366 001040708PYaBTINbBTINd2010-01-07ePritam Book Centreg489.00i6632l0oPY 150 BAR DUR B05900pBTIN-BK-5900r2023-04-11 00:00:00v367.00w2010-01-07yBKzB05900